Câu đố ca dao tục ngữ Việt Nam

সংরক্ষণ করুন:
গ্রন্থ-পঞ্জীর বিবরন
প্রধান লেখক: Quế Chi
বিন্যাস: গ্রন্থ
ভাষা:Undetermined
প্রকাশিত: Hà Nội Thanh niên 2005
বিষয়গুলি:
ট্যাগগুলো: ট্যাগ যুক্ত করুন
কোনো ট্যাগ নেই, প্রথমজন হিসাবে ট্যাগ করুন!
Thư viện lưu trữ: Trung tâm Học liệu Trường Đại học Cần Thơ
LEADER 00536nam a2200205Ia 4500
001 CTU_101166
008 210402s9999 xx 000 0 und d
020 |c 50000 
082 |a 398.209597 
082 |b C125 
100 |a Quế Chi 
245 0 |a Câu đố ca dao tục ngữ Việt Nam 
245 0 |c Quế Chi 
260 |a Hà Nội 
260 |b Thanh niên 
260 |c 2005 
650 |a Folk literature 
650 |z Vietnamese 
904 |i Trúc 
980 |a Trung tâm Học liệu Trường Đại học Cần Thơ